Online Catalogue and eLibrary

Kuveni of Lanka pura : (Record no. 2979)

MARC details
000 -LEADER
fixed length control field 00483nam a2200181Ia 4500
005 - DATE AND TIME OF LATEST TRANSACTION
control field 20240809060935.0
008 - FIXED-LENGTH DATA ELEMENTS--GENERAL INFORMATION
fixed length control field 240331s9999 xx 000 0 und d
020 ## - INTERNATIONAL STANDARD BOOK NUMBER
ISBN 9532103282
082 ## - DDC Classification
Item Number - Author Mark KUM
Class No. 398.2
100 ## - MAIN ENTRY--PERSONAL NAME
Personal name Kumara, V
245 #0 - TITLE STATEMENT
Title Kuveni of Lanka pura :
Remainder of title the goddess with three breasts and a crystal tongue
260 ## - PUBLICATION, DISTRIBUTION, ETC.
Place of publication, distribution, etc. Colombo
Name of publisher, distributor, etc. M.D.Gunasena & Co.Ltd
Date of publication, distribution, etc. 1988
300 ## - PHYSICAL DESCRIPTION
Extent (e.g. Volumes, Pages etc.) xxi, 114 p .,
650 ## - SUBJECT ADDED ENTRY--TOPICAL TERM
Topical term or geographic name entry element Culture
650 ## - SUBJECT ADDED ENTRY--TOPICAL TERM
Topical term or geographic name entry element History
650 ## - SUBJECT ADDED ENTRY--TOPICAL TERM
Topical term or geographic name entry element Religion
942 ## - Koha item type (Biblio)
Koha item type Books in Stacks (Lending)
Holdings
Lost status Damaged status Collection code Home library Current library Shelving location Date acquired Full call number Accession Number Item type
    Lending WERC Library WERC Library Social Science Cupboard 03/31/2024 392.2 KUM 245 Books in Stacks (Lending)

© WERC Library